000 00716nam a2200217Ia 4500
005 20241129104348.0
008 241129s9999||||xx |||||||||||||| ||und||
020 _a9780367749477
037 _aTextual
040 _aRTL
_beng
_cRTL
041 _aeng
_2eng
084 _aY592.2(T) R0
_qRTL
100 _aShah Ghanshyam; Bara Joseph
_9726022
245 0 _aSocial inclusion and education in India: Scheduled tribes denotified tribes and nomadic tribes
_cShah Ghanshyam; Bara Joseph
260 _aLondon
_bRoutledge
_c2020
300 _axviii,202p.
365 _aINR
_b995
650 _aEducation and Social Inclusion Challenges
_9726023
942 _cTB
_hY592.2(T) R0
999 _c1225570
_d1225570